| 000 | 00466nam a2200181Ia 4500 | ||
|---|---|---|---|
| 005 | 20250325035611.0 | ||
| 008 | 240331s9999 xx 000 0 und d | ||
| 020 | _a8170010888 | ||
| 082 |
_a302.232 _bJHA _21794 |
||
| 100 | _aJha, R | ||
| 245 | 0 |
_aWomen and the Indian Print Media: _bPortrayal and Performance |
|
| 260 |
_aDelhi, _bChanakya Publications _c1992 |
||
| 300 | _axv, 208 p., | ||
| 650 | _aWomen | ||
| 650 | _aJournalism | ||
| 650 | _aMedia | ||
| 942 | _cL | ||
| 999 |
_c1151 _d1151 |
||